Gaming Quiz

Random Gaming or Food Quiz

Canstruction: Games and Toys Quiz Stats

 Plays Quiz Updated Dec 25, 2014

Also try: Name the Toy II
Challenge
Share
Tweet
Score 0/25 Timer 05:00
9 Plays Today
Hint Answer % Correct
Super Mario Bros.
98.9%
Pac-Man
97.7%
Chess
95.3%
Monopoly
94.4%
Mr. Potato Head
93.5%
Rubik's Cube
93.4%
Battleship
92.9%
Slinky
92.4%
Operation
92.1%
Dominoes
91.3%
Poker
91.2%
Lego
90.6%
Angry Birds
89.8%
Hint Answer % Correct
Connect Four
89.6%
Magic Eight Ball
88.4%
Hungry Hungry Hippos
86%
Jenga
86%
Etch-a-Sketch
84.9%
Donkey Kong
82.6%
Letter blocks
82.5%
Tetris
82.1%
Guitar Hero
80%
Jack-in-the-box
65.4%
Rock 'Em Sock 'Em Robots
64.1%
Skee-Ball
59.8%

You're not logged in!

Compare scores with friends on all Sporcle quizzes.
Join for Free
OR
Log In

You Might Also Like...

Show Comments

Extras

Top Quizzes Today


Score Distribution

Your Account Isn't Verified!

In order to create a playlist on Sporcle, you need to verify the email address you used during registration. Go to your Sporcle Settings to finish the process.

Report this User

Report this user for behavior that violates our Community Guidelines.

Details: